| 000 | 00783nam a22002057a 4500 | ||
|---|---|---|---|
| 999 |
_c166004 _d166004 |
||
| 005 | 20190711102949.0 | ||
| 010 | _aB-728438 | ||
| 020 |
_a9789352603633 _c800.00 |
||
| 035 | _aB-728438 | ||
| 037 | _bRK Books | ||
| 082 | _a320.954 | ||
| 100 | _aLaxmikanth,M | ||
| 245 |
_aIndian Polity: _bfor civil services examinations / _cby M Laxmikanth |
||
| 250 | _a5th ed | ||
| 260 |
_aChennai _bMcGraw Hill Education _c2018 |
||
| 270 |
_a444/1, Sri Ekambara Naicker Industrial Estate, Alapakkam, Porur _bChennai _e600116 |
||
| 300 |
_avarious pagings: _c24cm(pbk) _bill. |
||
| 942 |
_2ddc _cEN _h320.954 _mLAX |
||